US States with an NBA Team - Statistics

General Stats
  • This quiz has been taken 60 times
  • The average score is 19 of 21
Answer Stats
Number Answer % Correct
4 California
100%
2 New York
98%
2 Florida
96%
3 Texas
96%
1 Illinois
92%
1 Massachusetts
92%
1 North Carolina
92%
1 Arizona
90%
1 Ohio
90%
1 Colorado
88%
1 Georgia
88%
1 Indiana
88%
1 Tennessee
88%
1 Oregon
85%
1 Pennsylvania
85%
1 Utah
85%
1 Louisiana
83%
1 Michigan
83%
1 Wisconsin
83%
1 Minnesota
79%
1 Oklahoma
77%
No matching quizzes found
Score Distribution
Percent of People with Each Score
Percentile by Number Answered
Your Score History
You have not taken this quiz